Organizational theory, design, and change / (Record no. 11083)

MARC details
000 -LEADER
fixed length control field 00690cam a22002172 4500
001 - CONTROL NUMBER
control field 0000012723
005 - DATE AND TIME OF LATEST TRANSACTION
control field 20151217154415.0
008 - FIXED-LENGTH DATA ELEMENTS--GENERAL INFORMATION
fixed length control field 090316s xx 000 0 eng d
020 ## - INTERNATIONAL STANDARD BOOK NUMBER
International Standard Book Number 0131865420 :
040 ## - CATALOGING SOURCE
Original cataloging agency KABU
Transcribing agency KABU
100 1# - MAIN ENTRY--PERSONAL NAME
Personal name Jones, Gareth R.
-- 0000169628
245 10 - TITLE STATEMENT
Title Organizational theory, design, and change /
Statement of responsibility, etc. Gareth R. Jones.
250 ## - EDITION STATEMENT
Edition statement 5th ed.
260 ## - PUBLICATION, DISTRIBUTION, ETC. (IMPRINT)
Place of publication, distribution, etc. Upper Saddle River, NJ. :
Name of publisher, distributor, etc. Prentice Hall,
Date of publication, distribution, etc. 2007.
300 ## - PHYSICAL DESCRIPTION
Extent xxi, 527 p.
650 #0 - SUBJECT ADDED ENTRY--TOPICAL TERM
Topical term or geographic name as entry element Organizational behavior.
-- 0000150790
650 #0 - SUBJECT ADDED ENTRY--TOPICAL TERM
Topical term or geographic name as entry element Organizational behavior
General subdivision Case studies.
-- 0000150691
852 1# - LOCATION
-- p4680 KES
908 ## - PUT COMMAND PARAMETER (RLIN)
Put command parameter 090316
950 ## - LOCAL HOLDINGS (RLIN)
-- 1
Holdings
Withdrawn status Lost status Source of classification or shelving scheme Not for loan Home library Current library Date acquired Total Checkouts Total Renewals Full call number Barcode Date last seen Date last checked out Price effective from Koha item type
    Library of Congress Classification   Kabarak, Main Campus Kabarak, Main Campus 17/12/2015 18 9 HD58.7 .J66 2007 c. 1 16923 05/10/2021 22/06/2021 17/12/2015 General Collection
Designed with assistance from East African Informatics Ltd